Phase Transformations in Materials

Guardado en:
Detalles Bibliográficos
Otros Autores: Kostorz, Gernot (Editor)
Formato: Libro
Lenguaje:inglés
Publicado: Weinheim : Wiley-VCH, 2001
Edición:1. vyd.
Materias:
Etiquetas: Agregar Etiqueta
Sin Etiquetas, Sea el primero en etiquetar este registro!

MARC

LEADER 00000nam a22000003a 4500
001 stu76584
005 20190206124116.4
008 020711s2001----gw------------------eng-d
020 |a 3-527-30256-5 
040 |a STU  |b slo 
041 0 |a eng 
044 |a gw 
080 |a 548:666.9-1 
100 1 |a Kostorz, Gernot  |4 edt 
245 1 |a Phase Transformations in Materials 
250 |a 1. vyd. 
260 |a Weinheim :  |b Wiley-VCH,  |c 2001 
300 |a 713 s 
650 7 |a kryštalografia  |2 stusub 
650 7 |a teória fázových premien  |2 stusub 
996 |b 284M050237  |c M*10913-1  |l MMKN  |s A  |a 24  |w stu76584_0001